000 00662nam a2200241Ia 4500
003 OSt
005 20221007072920.0
006 a|||||r|||| 00| 0
007 ta
008 221006b |||||||| |||| 00| 0 eng d
024 _a24,253
037 _cReference Collections
040 _aFLL
_cFLL
_beng
041 _2eng
_aeng
082 _aZ3:35, F2.1
100 _aWilliams T. Cyprian
_9690845
245 0 _aVendor and Purchaser
250 _a3rd
260 _aLondon
_bSweet And Maxwell, Limited UK
_c1922
300 _axlviii,738p
_ccm.
942 _hZ3:35, F2.1
_cREF
_2CC
999 _c1147275
_d1147275